[Event "Kemerovo Region Cup"]
[Site "Kemerovo"]
[Date "2014.08.23"]
[Round "3"]
[White "Cheremnova, Tamara"]
[Black "Kljucharev, Sergey"]
[Result "0-1"]
[WhiteElo "2239"]
[BlackElo "2374"]
[PlyCount "108"]
[EventDate "2014.08.21"]
[EventType "swiss"]
[EventRounds "7"]
[EventCountry "RUS"]
[SourceTitle "CBM 162 Extra"]
[Source "ChessBase"]
[SourceDate "2014.10.17"]
[SourceVersion "1"]
[SourceVersionDate "2014.10.17"]
[SourceQuality "1"]

1. d4 c5 2. d5 Nf6 3. c4 b5 4. cxb5 a6 5. f3 axb5 6. e4 Qa5+ 7. Bd2 Qb6 8. Qb3 Ba6 9. e5 c4 10. Bxc4 Qc5 11. Bd3 Nxd5 12. Be4 e6 13. Bxd5 exd5 14. Ne2 Nc6 15. f4 b4 16. Be3 d4 17. Bf2 Qb5 18. Qf3 b3 19. Nxd4 Bb4+ 20. Nc3 Nxd4 21. Bxd4 Bb7 22. Kf2 Bxc3 23. Qxc3 Qd5 24. Rhg1 Rc8 25. Qd3 bxa2 26. Ke3 0-0 27. Bc3 Qe6 28. Kf2 Rc4 29. Kg3 h5 30. h3 Rfc8 31. Qd6 Qf5 32. Rgf1 h4+ 33. Kh2 Rxf4 34. Qd1 Rxf1 35. Qxf1 Qxf1 36. Rxf1 Rxc3 37. bxc3 Be4 38. Ra1 Bb1 39. Kg1 Kf8 40. Kf2 Ke7 41. Ke3 Ke6 42. Kd4 d6 43. exd6 Kxd6 44. c4 f6 45. c5+ Kc6 46. Kc4 g6 47. Kd4 g5 48. Kc4 f5 49. Kd4 f4 50. Ke5 Kxc5 51. Rxa2 Bxa2 52. Kf6 Kd4 53. Kxg5 Ke3 54. Kxh4 Bd5 0-1

[Event "Kemerovo Region Cup sf"]
[Site "Kemerovo"]
[Date "2014.07.23"]
[Round "5"]
[White "Kljucharev, Sergey"]
[Black "Vlasov, Igor"]
[Result "1-0"]
[WhiteElo "2379"]
[BlackElo "2234"]
[PlyCount "75"]
[EventDate "2014.07.21"]
[EventType "swiss"]
[EventRounds "9"]
[EventCountry "RUS"]
[SourceTitle "EXT 2016"]
[Source "ChessBase"]
[SourceDate "2015.10.08"]
[SourceVersion "1"]
[SourceVersionDate "2015.10.08"]
[SourceQuality "1"]

1. Nf3 f5 2. d4 Nf6 3. c4 g6 4. b3 Bg7 5. Bb2 0-0 6. Nbd2 c6 7. g3 d6 8. Bg2 Qe8 9. 0-0 Nh5 10. h3 h6 11. e4 fxe4 12. Nxe4 Qf7 13. Qe2 g5 14. Qe3 g4 15. hxg4 Bxg4 16. Nh4 Nd7 17. Rae1 Rae8 18. f3 Be6 19. Nd2 Nxg3 20. Qxe6 Qxe6 21. Rxe6 Nxf1 22. Bxf1 Kf7 23. Bh3 Rg8 24. Kf1 Nf8 25. Re2 e6 26. Ne4 Rd8 27. Bg4 Ke7 28. Bc3 b6 29. d5 cxd5 30. cxd5 Bxc3 31. Nxc3 e5 32. Nf5+ Ke8 33. Ne4 Nd7 34. Nfxd6+ Kf8 35. Rc2 Rg7 36. Nf5 Rh7 37. Rc6 h5 38. Ng5 1-0

[Event "Kemerovo Kuzbass-ch"]
[Site "Kemerovo"]
[Date "2012.11.27"]
[Round "7"]
[White "Kljucharev, Sergey"]
[Black "Cheremnova, Tamara"]
[Result "1-0"]
[WhiteElo "2376"]
[BlackElo "2260"]
[PlyCount "49"]
[EventDate "2012.11.23"]
[EventType "swiss"]
[EventRounds "9"]
[EventCountry "RUS"]
[SourceTitle "CBM 151 Extra"]
[Source "ChessBase"]
[SourceDate "2012.12.18"]
[SourceVersion "1"]
[SourceVersionDate "2012.12.18"]
[SourceQuality "1"]

1. Nf3 d5 2. c4 c6 3. d4 e6 4. Nc3 dxc4 5. a4 Bb4 6. g3 Nf6 7. Bg2 b5 8. 0-0 Nd5 9. Qc2 a5 10. axb5 Bxc3 11. bxc3 cxb5 12. Rb1 Ba6 13. e4 Ne7 14. d5 exd5 15. exd5 0-0 16. Ba3 Re8 17. Bxe7 Qxe7 18. d6 Qa7 19. Ng5 g6 20. Rfe1 Nd7 21. Bxa8 Qxa8 22. Qd2 h6 23. Rxe8+ Qxe8 24. Re1 Qc8 25. Nxf7 1-0

[Event "Kemerovo Kuzbass Cup"]
[Site "Kemerovo"]
[Date "2012.09.02"]
[Round "5"]
[White "Kljucharev, Sergey"]
[Black "Ponomarev, Dmitry"]
[Result "1/2-1/2"]
[WhiteElo "2376"]
[BlackElo "2391"]
[PlyCount "38"]
[EventDate "2012.08.29"]
[EventType "swiss"]
[EventRounds "7"]
[EventCountry "RUS"]
[SourceTitle "CBM 150 Extra"]
[Source "ChessBase"]
[SourceDate "2012.10.19"]
[SourceVersion "1"]
[SourceVersionDate "2012.10.19"]
[SourceQuality "1"]

1. Nf3 d5 2. c4 c6 3. d4 Nf6 4. Nc3 a6 5. e3 b5 6. b3 Bg4 7. Be2 e6 8. 0-0 Nbd7 9. h3 Bh5 10. Bb2 Bd6 11. Rc1 Qb8 12. cxd5 cxd5 13. Nd2 Bxe2 14. Qxe2 0-0 15. e4 b4 16. Na4 Bf4 17. exd5 Qb5 18. Rfe1 Nxd5 19. g3 Qxe2 1/2-1/2

[Event "Kemerovo-ch op"]
[Site "Kemerovo"]
[Date "2012.03.06"]
[Round "2"]
[White "Emeljashin, Yury"]
[Black "Kljucharev, Sergey"]
[Result "0-1"]
[WhiteElo "2129"]
[BlackElo "2376"]
[PlyCount "94"]
[EventDate "2012.03.04"]
[EventType "swiss"]
[EventRounds "9"]
[EventCountry "RUS"]
[SourceTitle "EXT 2014"]
[Source "ChessBase"]
[SourceDate "2013.11.20"]
[SourceVersion "1"]
[SourceVersionDate "2013.11.20"]
[SourceQuality "1"]

1. d4 d5 2. Nf3 Nf6 3. e3 Bg4 4. c4 Bxf3 5. Qxf3 e6 6. Bd3 Bb4+ 7. Bd2 Bxd2+ 8. Nxd2 0-0 9. 0-0 Nbd7 10. Rac1 c6 11. Rfd1 Qe7 12. e4 dxe4 13. Bxe4 Rfd8 14. Qe3 Nb6 15. g3 Qb4 16. b3 Qa5 17. a4 Nc8 18. Bf3 Nd6 19. Qe5 Qb4 20. c5 Nf5 21. Rc4 Qa3 22. g4 Nh4 23. Qe3 Nxf3+ 24. Qxf3 Qb2 25. Qd3 e5 26. g5 Nd5 27. Rb1 Qa2 28. Rc2 Nb4 29. Rxa2 Nxd3 30. dxe5 Nxe5 31. Kg2 Rd4 32. Nf3 Nxf3 33. Kxf3 a5 34. Rc2 Rad8 35. Rc4 Kf8 36. Ke3 Rd3+ 37. Ke4 Rd2 38. Kf3 R8d3+ 39. Kg2 Rd5 40. h4 Rf5 41. Rf1 Rb2 42. Rc3 Rf4 43. Re3 Rxh4 44. Rd1 g6 45. Rd7 Rg4+ 46. Kf3 Rxg5 47. Rxb7 Rxc5 0-1

[Event "Kuzbass-ch"]
[Site "Kemerovo"]
[Date "2011.08.21"]
[Round "2"]
[White "Kljucharev, Sergey"]
[Black "Iskusnyh, Sergei"]
[Result "1/2-1/2"]
[WhiteElo "2384"]
[BlackElo "2455"]
[PlyCount "49"]
[EventDate "2011.08.20"]
[EventType "swiss"]
[EventRounds "7"]
[EventCountry "RUS"]
[SourceTitle "CBM 144 Extra"]
[Source "ChessBase"]
[SourceDate "2011.10.28"]
[SourceVersion "1"]
[SourceVersionDate "2011.10.28"]
[SourceQuality "1"]

1. Nf3 d5 2. d4 Nf6 3. c4 c6 4. Nc3 a6 5. e3 e6 6. Qc2 c5 7. cxd5 exd5 8. g3 Nc6 9. Bg2 Be6 10. 0-0 Rc8 11. a3 cxd4 12. Nxd4 Nxd4 13. exd4 Be7 14. Qb3 Qd7 15. Bg5 0-0 16. Na4 Qb5 17. Qxb5 axb5 18. Nc3 b4 19. axb4 h6 20. Bxf6 Bxf6 21. Rfd1 Rc4 22. Nxd5 Bxd5 23. Bxd5 Rxb4 24. Ra7 Bxd4 25. Rxb7 1/2-1/2

[Event "Kuzbass-ch"]
[Site "Kemerovo"]
[Date "2011.08.20"]
[Round "1"]
[White "Kljucharev, Sergey"]
[Black "Petrukhina, Irina"]
[Result "1-0"]
[WhiteElo "2384"]
[BlackElo "2148"]
[PlyCount "123"]
[EventDate "2011.08.20"]
[EventType "swiss"]
[EventRounds "7"]
[EventCountry "RUS"]
[SourceTitle "CBM 144 Extra"]
[Source "ChessBase"]
[SourceDate "2011.10.28"]
[SourceVersion "1"]
[SourceVersionDate "2011.10.28"]
[SourceQuality "1"]

1. Nf3 d5 2. d4 Nf6 3. c4 c6 4. Nc3 e6 5. cxd5 exd5 6. Bg5 Be7 7. Qc2 g6 8. e3 Bf5 9. Bd3 Bxd3 10. Qxd3 Nbd7 11. 0-0 0-0 12. Rab1 a5 13. h3 Re8 14. Bf4 Bf8 15. Nd2 Qe7 16. Rfc1 Qe6 17. Na4 Ne4 18. Nb3 Qf6 19. f3 g5 20. Bh2 Nd6 21. Nbc5 Nxc5 22. Nxc5 Nc4 23. Nd7 Qg6 24. Qxg6+ hxg6 25. Nf6+ Kg7 26. Nxe8+ Rxe8 27. b3 Na3 28. Ra1 Bb4 29. Bg3 Rxe3 30. Be1 Re2 31. Kf1 Rb2 32. Bxb4 axb4 33. Re1 Rd2 34. Rad1 Rxa2 35. Re2 Rxe2 36. Kxe2 Nb5 37. Kd3 Kf6 38. Re1 Nd6 39. g4 Nb5 40. Re8 Nd6 41. Rb8 Ke6 42. Ke3 f6 43. Rh8 Nb5 44. Rh7 b6 45. Rb7 Kd6 46. Rxb6 Nc7 47. Rxb4 Ne6 48. Rb7 Nf4 49. h4 Ng2+ 50. Kf2 Nxh4 51. b4 f5 52. b5 cxb5 53. Rxb5 f4 54. Rb1 Kd7 55. Re1 Kd6 56. Re5 Kc6 57. Rxg5 Kd6 58. Re5 Kc6 59. Re8 Kd6 60. Rh8 g5 61. Rxh4 gxh4 62. Kg2 1-0

[Event "Novokuznetsk op"]
[Site "Novokuznetsk"]
[Date "2011.08.14"]
[Round "4"]
[White "Kljucharev, Sergey"]
[Black "Siuniakov, Igor"]
[Result "1-0"]
[WhiteElo "2375"]
[BlackElo "2313"]
[PlyCount "125"]
[EventDate "2011.08.11"]
[EventType "swiss"]
[EventRounds "9"]
[EventCountry "RUS"]
[SourceTitle "CBM 144 Extra"]
[Source "ChessBase"]
[SourceDate "2011.10.28"]
[SourceVersion "1"]
[SourceVersionDate "2011.10.28"]
[SourceQuality "1"]

1. Nf3 Nf6 2. c4 c5 3. Nc3 e6 4. g3 b6 5. Bg2 Bb7 6. 0-0 Be7 7. d4 cxd4 8. Qxd4 d6 9. Rd1 a6 10. b3 Nbd7 11. e4 Qc7 12. Ba3 Nc5 13. e5 dxe5 14. Qxe5 Qxe5 15. Nxe5 Bxg2 16. Kxg2 Rc8 17. Rd4 Ncd7 18. Nxd7 Nxd7 19. Bxe7 Kxe7 20. Rad1 Rc7 21. f4 g6 22. Rd6 Rb8 23. Ne4 h6 24. Kf3 Rbb7 25. h4 b5 26. R6d4 bxc4 27. Nd6 Rb8 28. Nxc4 Nb6 29. Ne5 Nd5 30. Rc4 Rbc8 31. Rdc1 Rxc4 32. Rxc4 Rxc4 33. bxc4 Nc3 34. a3 Nb1 35. Ke3 Nxa3 36. Kd3 f6 37. Nxg6+ Kf7 38. h5 a5 39. Kc3 Nb1+ 40. Kc2 Na3+ 41. Kb3 Nb1 42. c5 Ke8 43. Ka4 Kd7 44. Kxa5 Kc6 45. Kb4 Nd2 46. Ne7+ Kd7 47. Ng8 Ne4 48. g4 f5 49. Nxh6 Nf6 50. g5 Nxh5 51. g6 Kc6 52. Kc4 Ng7 53. Nf7 Kd7 54. Ne5+ Ke7 55. Kd4 Nh5 56. Nd3 Kd7 57. Ke5 Ke7 58. Nb4 Kd7 59. Nc2 Ke7 60. Nd4 Ng7 61. c6 Ne8 62. Nxe6 Nd6 63. g7 1-0

[Event "RUS-chT 18th"]
[Site "Olginka"]
[Date "2011.04.23"]
[Round "11"]
[White "Khismatullin, Denis Rimovich"]
[Black "Kljucharev, Sergey"]
[Result "1-0"]
[WhiteElo "2662"]
[BlackElo "2375"]
[PlyCount "69"]
[EventDate "2011.04.12"]
[EventType "team-tourn"]
[EventRounds "11"]
[EventCountry "RUS"]
[SourceTitle "EXT 2020"]
[Source "ChessBase"]
[SourceDate "2019.10.17"]
[SourceVersion "1"]
[SourceVersionDate "2019.10.17"]
[SourceQuality "1"]
[WhiteTeam "Tomsk 400"]
[BlackTeam "Kemerovo"]
[WhiteTeamCountry "RUS"]
[BlackTeamCountry "RUS"]

1. c4 e6 2. d4 d5 3. Nc3 Be7 4. cxd5 exd5 5. Bf4 Nf6 6. e3 0-0 7. Nf3 c6 8. Qc2 Nbd7 9. Bd3 Re8 10. h3 Nf8 11. 0-0 Ng6 12. Bh2 Bd6 13. Bxd6 Qxd6 14. Rab1 a5 15. a3 Be6 16. Rfc1 Nd7 17. Na4 Qe7 18. Qb3 Reb8 19. Qd1 Nh4 20. Nxh4 Qxh4 21. Qf3 Rf8 22. Nc3 f5 23. b4 axb4 24. Rxb4 Rxa3 25. Rxb7 f4 26. e4 Nf6 27. exd5 Rxc3 28. Rxc3 Bxd5 29. Bc4 Re8 30. Bxd5+ cxd5 31. Rcc7 Re1+ 32. Kh2 h5 33. Rxg7+ Kh8 34. Rgf7 Kg8 35. Rxf6 1-0

[Event "RUS-chT 18th"]
[Site "Olginka"]
[Date "2011.04.16"]
[Round "5"]
[White "Kljucharev, Sergey"]
[Black "Kalugin, Sergey V"]
[Result "1/2-1/2"]
[WhiteElo "2375"]
[BlackElo "2390"]
[PlyCount "23"]
[EventDate "2011.04.12"]
[EventType "team-tourn"]
[EventRounds "11"]
[EventCountry "RUS"]
[SourceTitle "EXT 2020"]
[Source "ChessBase"]
[SourceDate "2019.10.17"]
[SourceVersion "1"]
[SourceVersionDate "2019.10.17"]
[SourceQuality "1"]
[WhiteTeam "Kemerovo"]
[BlackTeam "Desnogorsk Atom"]
[WhiteTeamCountry "RUS"]
[BlackTeamCountry "RUS"]

1. Nf3 Nf6 2. c4 b6 3. Nc3 Bb7 4. g3 e6 5. Bg2 Be7 6. 0-0 0-0 7. d4 Ne4 8. Nxe4 Bxe4 9. Ne5 Bxg2 10. Kxg2 d6 11. Nf3 Nd7 12. Qd3 1/2-1/2

[Event "Sibiria Region-chT"]
[Site "Berdsk"]
[Date "2009.12.12"]
[Round "1"]
[White "Kljucharev, Sergey"]
[Black "Tuzhik, Artem"]
[Result "1-0"]
[WhiteElo "2397"]
[BlackElo "2314"]
[PlyCount "98"]
[EventDate "2009.12.12"]
[EventType "team-tourn"]
[EventRounds "5"]
[EventCountry "RUS"]
[SourceTitle "CBM 134 Extra"]
[Source "ChessBase"]
[SourceDate "2010.03.03"]
[SourceVersion "1"]
[SourceVersionDate "2010.03.03"]
[SourceQuality "1"]

1. Nf3 f5 2. d4 Nf6 3. c4 g6 4. b3 Bg7 5. Bb2 0-0 6. g3 d6 7. Bg2 Qe8 8. 0-0 h6 9. Nbd2 g5 10. d5 Na6 11. Nd4 f4 12. N2f3 fxg3 13. hxg3 Ng4 14. Qc2 Qh5 15. Rfe1 Bd7 16. Rac1 c6 17. Qd2 Nc7 18. dxc6 bxc6 19. e4 Rf7 20. Nf5 Bxb2 21. Qxb2 Raf8 22. Rc3 Ne8 23. Qe2 e6 24. Ne3 e5 25. Nf1 Nxf2 26. Qxf2 g4 27. N1h2 c5 28. Rf1 Bc6 29. Qd2 gxf3 30. Rcxf3 Rxf3 31. Rxf3 Rxf3 32. Bxf3 Qg6 33. Nf1 Kf7 34. Qe2 Nf6 35. Qd2 Ke6 36. Kh2 Bxe4 37. Bxe4 Ng4+ 38. Kh3 Qxe4 39. Nh2 Ne3 40. Qe2 Qf5+ 41. g4 Qf4 42. Qd3 e4 43. Qd2 a6 44. a3 a5 45. a4 Kf7 46. Qxa5 Qf2 47. Qc7+ Ke6 48. Qc8+ Ke5 49. Qh8+ Ke6 1-0